Effect of microclimate on the performance of salad cucumber under naturally ventilated polyhouse (Record no. 15169)
[ view plain ]
| 000 -LEADER | |
|---|---|
| fixed length control field | 00743nam a22001817a 4500 |
| 003 - CONTROL NUMBER IDENTIFIER | |
| control field | OSt |
| 088 ## - REPORT NUMBER | |
| Report number | T 291 |
| 100 ## - MAIN ENTRY--AUTHOR NAME | |
| Personal name | PREENU N. P |
| 245 ## - TITLE STATEMENT | |
| Title | Effect of microclimate on the performance of salad cucumber under naturally ventilated polyhouse |
| 260 ## - PUBLICATION, DISTRIBUTION, ETC. (IMPRINT) | |
| Place of publication | Tavanur 2014 |
| Name of publisher | DEPARTMENT OF IRRIGATION AND DRAINAGE ENGINEERING |
| 300 ## - PHYSICAL DESCRIPTION | |
| Number of Pages | 93 |
| 500 ## - GENERAL NOTE | |
| General note | Effect of microclimate on the performance of salad cucumber under naturally ventilated polyhouse |
| 520 ## - SUMMARY, ETC. | |
| Summary, etc | Effect of microclimate on the performance of salad cucumber under naturally ventilated polyhouse |
| 700 ## - ADDED ENTRY--PERSONAL NAME | |
| Personal name | Dr. K. V Levan (Guide) |
| 856 ## - ELECTRONIC LOCATION AND ACCESS | |
| Uniform Resource Identifier | https://drive.google.com/open?id=1FLXddX3xAO5vjIDFtJGPGVZY_HuDDTS4 |
| 942 ## - ADDED ENTRY ELEMENTS (KOHA) | |
| Koha item type | Theses |
| Collection code | Home library | Current library | Shelving location | Full call number | Accession Number | Koha item type | Public note |
|---|---|---|---|---|---|---|---|
| Reference | KAUAET | KAUAET | Reference | 631.587 PRE/EF | T 291 | Theses | M.Tech Thesis |
